00570nam a2200145Ia 4500020002300000082002000023245006400043260005100107440002800158500013500186650003100321650003300352700001900385700002000404 a0-275-98201-7(set) aRR 327.172 PSY- 0aPsychology of resolving global conflicts: from war to peace aWestportbPraeger Security Internationalc2006 aContemporary psychology aContents : - Vol. 1. Nature vs. Nurture (xl, 354p.) - v. 2. Group and social factors (xl, 250p.) - v. 3. Interventions (xl, 348p.) aWarvPsychological aspects aPeacevPsychological aspects aFitzduff, Mari aStout, Chris E.